[Event "XXXII Memorial Edoardo Crespi A"]
[Site "Milano ITA"]
[Date "2011.12.06"]
[Round "4"]
[White "Giretti Kanev, Jasen"]
[Black "Astengo, Corrado"]
[Result "1-0"]
[WhiteElo "2199"]
[BlackElo "2095"]
[PlyCount "125"]
[EventDate "2011.12.03"]

1. Nf3 d5 2. d4 Nf6 3. c4 c6 4. Nc3 e6 5. Bg5 dxc4 6. a4 Nbd7 7. e3 Qa5 8. Bxf6
Nxf6 9. Bxc4 Bb4 10. Rc1 b5 11. Bd3 Bb7 12. O-O a6 13. Ne4 Nd7 14. Nfg5 Qd8 15.
Qf3 Qe7 16. Qf4 Nb6 17. axb5 Nd5 18. Qg3 cxb5 19. Nc5 h6 20. Nge4 O-O 21. Nd6
Bxc5 22. Rxc5 Rfd8 23. Nxb7 Qxb7 24. Be4 Rac8 25. h4 a5 26. Rfc1 b4 27. Qe5 a4
28. Bxd5 exd5 29. Rc7 Qb8 30. Qe7 Rf8 31. Rxc8 Rxc8 32. Rxc8+ Qxc8 33. Qxb4 Qc2
34. g3 Qb1+ 35. Kg2 Qe4+ 36. Kf1 Qc2 37. Ke1 Qc1+ 38. Ke2 Qc2+ 39. Qd2 Qc4+ 40.
Kd1 a3 41. bxa3 Qb3+ 42. Qc2 Qxa3 43. Qc8+ Kh7 44. Qf5+ Kg8 45. Qxd5 Qa6 46.
Kd2 Qf1 47. Qa8+ Kh7 48. Qe4+ g6 49. Qf3 Kg7 50. d5 Qa1 51. e4 Qd4+ 52. Ke2 Qe5
53. Qd3 f5 54. Ke3 Kf7 55. Qd4 Qd6 56. e5 Qa3+ 57. Ke2 Qa6+ 58. Qd3 Qa2+ 59.
Kf3 Qa1 60. e6+ Kf6 61. Kg2 Ke7 62. Qe3 Qa2 63. Qe5 1-0

[Event "XXXII Memorial Edoardo Crespi A"]
[Site "Milano ITA"]
[Date "2011.12.06"]
[Round "4"]
[White "Lazic, Miroljub"]
[Black "Sbarra, Marco"]
[WhiteElo "2459"]
[BlackElo "2245"]
[Result "1-0"]
[PlyCount "49"]
[EventDate "2011.12.03"]

1. Nf3 d5 2. b3 Nf6 3. Bb2 c5 4. e3 Nbd7 5. c4 e6 6. Be2 Bd6 7. cxd5 exd5 8. d4
O-O 9. Nc3 cxd4 10. Qxd4 Nb6 11. O-O Qe7 12. Rad1 Bg4 13. Nb5 Rfe8 14. Nxd6
Qxd6 15. Rc1 Rac8 16. Rxc8 Rxc8 17. Bd3 a6 18. e4 Qc5 19. Qxc5 Rxc5 20. Bd4 Rc6
21. Ne5 Re6 22. Nxg4 Nxg4 23. exd5 Rd6 24. Be2 h5 25. h3 1-0

[Event "XXXII Memorial Edoardo Crespi A"]
[Site "Milano ITA"]
[Date "2011.12.06"]
[Round "4"]
[White "Miracola, Massimiliano"]
[Black "Formento, Paolo"]
[Result "1-0"]
[WhiteElo "2007"]
[BlackElo "2133"]
[PlyCount "65"]
[EventDate "2011.12.03"]

1. e4 e6 2. d4 d5 3. Nc3 Bb4 4. a3 Bxc3+ 5. bxc3 dxe4 6. Qg4 Nf6 7. Qxg7 Rg8 8.
Qh6 c5 9. Ne2 cxd4 10. cxd4 Nc6 11. c3 Rg6 12. Qe3 Ne7 13. Ng3 Qa5 14. Bb2 Ned5
15. Qd2 Qa4 16. c4 Nb6 17. Rc1 Qc6 18. Be2 h5 19. Nxh5 Nxh5 20. Bxh5 Rxg2 21.
Qf4 Qd7 22. Qxe4 Rg5 23. Qh7 Na4 24. Ba1 b6 25. d5 Qe7 26. d6 Qb7 27. f3 Nc5
28. Rd1 Rf5 29. Rg1 Ne4 30. Rg8+ Kd7 31. Bxf7 Ng5 32. Be8+ Kd8 33. Bd7+ 1-0

[Event "XXXII Memorial Edoardo Crespi A"]
[Site "Milano ITA"]
[Date "2011.12.06"]
[Round "4"]
[White "Montani, Francesco"]
[Black "David, Alberto"]
[WhiteElo "2245"]
[BlackElo "2597"]
[Result "0-1"]
[PlyCount "92"]
[EventDate "2011.12.03"]

1. e4 c5 2. Nc3 e6 3. Nf3 a6 4. g3 b5 5. Bg2 Bb7 6. d3 d6 7. O-O Nf6 8. Ne1 d5
9. exd5 exd5 10. Bg5 Be7 11. Bxf6 Bxf6 12. Qf3 Bxc3 13. bxc3 O-O 14. c4 Nd7 15.
cxd5 b4 16. Rb1 Nb6 17. a3 Bxd5 18. Qe3 Qc7 19. axb4 Bxg2 20. Nxg2 cxb4 21. c4
Rfe8 22. Qg5 a5 23. Rfe1 Nd7 24. Ne3 Ne5 25. Qf5 Qc8 26. Qe4 Nc6 27. Qf4 Qb8
28. Qg5 Qd8 29. Qc5 Ne5 30. Red1 Rc8 31. Qa7 Re7 32. Qa6 Re6 33. Qa7 Re7 34.
Qa6 Nf3+ 35. Kg2 Nd4 36. Nd5 Re5 37. Re1 Rxd5 38. cxd5 Qxd5+ 39. Re4 Rd8 40.
Qc4 f5 41. Qxd5+ Rxd5 42. Re7 b3 43. Rb7 h5 44. Re1 Rb5 45. Rc7 b2 46. Ree7 Ne6
0-1

[Event "XXXII Memorial Edoardo Crespi A"]
[Site "Milano ITA"]
[Date "2011.12.06"]
[Round "4"]
[White "Moroni, Luca jr"]
[Black "Bove, Alessandro"]
[WhiteElo "2030"]
[BlackElo "2369"]
[Result "0-1"]
[PlyCount "100"]
[EventDate "2011.12.03"]

1. e4 c5 2. Nf3 d6 3. d4 cxd4 4. Nxd4 Nf6 5. Nc3 a6 6. Be2 e6 7. O-O Nbd7 8.
Be3 Qc7 9. f4 b5 10. a3 Bb7 11. Bd3 Be7 12. Qe2 O-O 13. Rae1 Nc5 14. Bf2 d5 15.
e5 Nfe4 16. Bxe4 Nxe4 17. Nxe4 dxe4 18. Be3 Bd5 19. Qg4 g6 20. Qh3 a5 21. Rf2
b4 22. axb4 axb4 23. g4 Ra2 24. Rb1 Rfa8 25. Rff1 Bc5 26. Rfc1 Qb6 27. Rd1 Qa7
28. Qf1 Qe7 29. Qf2 R2a5 30. h4 f6 31. exf6 Qxf6 32. g5 Qe7 33. Nb3 Bxb3 34.
cxb3 Rf8 35. Re1 Bd6 36. Bd2 e3 37. Bxe3 Raf5 38. Qe2 Bxf4 39. Bxf4 Rxf4 40.
Qxe6+ Qxe6 41. Rxe6 Rxh4 42. Rb6 Rg4+ 43. Kh2 Rxg5 44. Rxb4 Rf2+ 45. Kh3 Rfg2
46. Rb8+ Kg7 47. Rb7+ Kh6 48. Rb6 R5g3+ 49. Kh4 Rg4+ 50. Kh3 Kh5 0-1

[Event "XXXII Memorial Edoardo Crespi A"]
[Site "Milano ITA"]
[Date "2011.12.06"]
[Round "4"]
[White "Quaranta, Cristiano"]
[Black "Agrifoglio, Fabio"]
[Result "1/2-1/2"]
[WhiteElo "2118"]
[BlackElo "2019"]
[PlyCount "130"]
[EventDate "2011.12.03"]

1. d4 d6 2. Nf3 g6 3. c4 Bg7 4. Nc3 Nf6 5. Bg5 Nbd7 6. e3 h6 7. Bh4 O-O 8. Be2
c6 9. O-O Qc7 10. Qc2 e5 11. dxe5 dxe5 12. Rad1 Nc5 13. Bxf6 Bxf6 14. b4 Ne6
15. Ne4 Bg7 16. c5 Qe7 17. Nd6 Nc7 18. Bc4 Be6 19. Nxb7 Nd5 20. Bxd5 Bxd5 21.
Nd6 Qe6 22. e4 Bxa2 23. Ra1 Bb3 24. Qc3 a5 25. bxa5 f5 26. Nd2 Ba2 27. Qa3 Bd5
28. exd5 cxd5 29. a6 e4 30. Rab1 f4 31. Qh3 Qxh3 32. gxh3 Rxa6 33. Rfc1 Be5 34.
N2xe4 dxe4 35. Nxe4 Rc8 36. Rc4 Kf7 37. Kg2 Ke6 38. Rd1 Rcc6 39. Rd3 Ra7 40.
Kf3 Rd7 41. Rxd7 Kxd7 42. Nc3 Re6 43. Ne2 g5 44. Kg4 Kc6 45. Rc2 f3 46. Kxf3
Rf6+ 47. Kg2 Rf7 48. Nc1 Rd7 49. Nb3 Rd3 50. Na5+ Kc7 51. Re2 Rd5 52. Nc4 Bf4
53. Re6 Rxc5 54. Ne3 h5 55. Rh6 h4 56. Ng4 Kd8 57. Re6 Kd7 58. Re4 Rf5 59. Nh6
Re5 60. Ra4 Rc5 61. Ng4 Ke6 62. Ra6+ Ke7 63. Ra2 Rb5 64. Ne3 Re5 65. Re2 Kf7
1/2-1/2

[Event "XXXII Memorial Edoardo Crespi A"]
[Site "Milano ITA"]
[Date "2011.12.06"]
[Round "4"]
[White "Salmoiraghi, Angelo"]
[Black "Nicolo', Filippo"]
[WhiteElo "2174"]
[BlackElo "2024"]
[Result "1-0"]
[PlyCount "67"]
[EventDate "2011.12.03"]

1. d4 d5 2. c4 dxc4 3. Nf3 Nf6 4. e3 Bg4 5. Bxc4 e6 6. Nc3 Nc6 7. Be2 a6 8. O-O
Bd6 9. a3 O-O 10. b4 e5 11. d5 Ne7 12. e4 Ng6 13. Nd2 Bxe2 14. Nxe2 Nh5 15. Nc4
Qh4 16. f3 b5 17. Ne3 Ne7 18. Ng4 f5 19. g3 Nxg3 20. hxg3 Qh5 21. Nh2 fxe4 22.
fxe4 g5 23. Be3 Ng6 24. Qd2 Nf4 25. Bxf4 exf4 26. g4 Qh4 27. Rf3 h5 28. Qe1
hxg4 29. Qxh4 gxh4 30. Nxg4 Rae8 31. Nc3 a5 32. Rb1 axb4 33. axb4 c5 34. Nxb5
1-0

[Event "XXXII Memorial Edoardo Crespi A"]
[Site "Milano ITA"]
[Date "2011.12.06"]
[Round "4"]
[White "Sedlak, Nikola"]
[Black "Colovic, Aleksandar"]
[WhiteElo "2592"]
[BlackElo "2451"]
[Result "1-0"]
[PlyCount "63"]
[EventDate "2011.12.03"]

1. d4 d5 2. c4 e6 3. Nc3 Be7 4. cxd5 exd5 5. Bf4 Nf6 6. e3 Bf5 7. Qb3 Nc6 8. a3
Na5 9. Qd1 c6 10. Nf3 O-O 11. Ne5 Be6 12. Bd3 Rc8 13. O-O Nc4 14. Qc2 g6 15.
Bxc4 dxc4 16. Rad1 b5 17. e4 Qb6 18. Be3 Ng4 19. Nxg4 Bxg4 20. f3 Bd7 21. Qf2
Qb8 22. d5 a5 23. Ba7 Qc7 24. Bc5 Bxc5 25. Qxc5 Qe5 26. f4 Qh5 27. f5 cxd5 28.
Qd4 Bc6 29. exd5 Rfd8 30. Ne4 Qh6 31. Nf6+ Kf8 32. Ng4 1-0

[Event "XXXII Memorial Edoardo Crespi A"]
[Site "Milano ITA"]
[Date "2011.12.06"]
[Round "4"]
[White "Shishkin, Vadim"]
[Black "Stella, Andrea"]
[WhiteElo "2449"]
[BlackElo "2448"]
[Result "1-0"]
[PlyCount "47"]
[EventDate "2011.12.03"]

1. d4 Nf6 2. c4 g6 3. Nc3 d5 4. Bg5 Ne4 5. Nxe4 dxe4 6. Qd2 Bg7 7. e3 h6 8. Bh4
c5 9. d5 g5 10. Bg3 e5 11. f3 exf3 12. gxf3 f5 13. h4 gxh4 14. Bxh4 Bf6 15. Bf2
Na6 16. Ne2 Qb6 17. Nc3 Bd7 18. a3 Qb3 19. Bd3 O-O-O 20. e4 f4 21. Nb5 Kb8 22.
Be2 b6 23. Bd1 Qxc4 24. Nd6 1-0

[Event "XXXII Memorial Edoardo Crespi A"]
[Site "Milano ITA"]
[Date "2011.12.06"]
[Round "4"]
[White "Tramalloni, Luca"]
[Black "Sardo, Gabriele"]
[Result "0-1"]
[WhiteElo "2111"]
[BlackElo "2218"]
[PlyCount "70"]
[EventDate "2011.12.03"]

1. d4 Nf6 2. c4 e6 3. g3 d5 4. Bg2 c6 5. Nf3 Nbd7 6. Nbd2 Be7 7. O-O O-O 8. Qc2
b6 9. e4 dxe4 10. Nxe4 Nxe4 11. Qxe4 Ba6 12. Qc2 b5 13. c5 b4 14. Rd1 Bb5 15.
Bf4 a5 16. Ne5 Nxe5 17. Bxe5 Bf6 18. b3 Ra7 19. a4 bxa3 20. Rxa3 Rd7 21. Bd6
Be7 22. Bxe7 Qxe7 23. Rxa5 Rfd8 24. Qc3 Qf6 25. Ra2 h5 26. Rad2 h4 27. Qe3 Ra8
28. Qc3 Qf5 29. f4 Rda7 30. Kf2 Ra3 31. Rb2 Ra1 32. Qf3 R8a2 33. Rdd2 Rxb2 34.
Rxb2 h3 35. Bh1 Rf1+ 0-1

[Event "XXXII Memorial Edoardo Crespi A"]
[Site "Milano ITA"]
[Date "2011.12.06"]
[Round "4"]
[White "Valsecchi, Alessio"]
[Black "Drazic, Sinisa"]
[WhiteElo "2376"]
[BlackElo "2537"]
[Result "0-1"]
[PlyCount "80"]
[EventDate "2011.12.03"]

1. e4 e5 2. Nf3 Nc6 3. Bb5 Nf6 4. O-O Nxe4 5. d4 Nd6 6. dxe5 Nxb5 7. a4 d6 8.
e6 fxe6 9. axb5 Nb4 10. Ng5 Be7 11. Ra4 Bxg5 12. Qh5+ g6 13. Bxg5 gxh5 14. Bxd8
Kxd8 15. Rxb4 Bd7 16. Nc3 Rf8 17. Rh4 Be8 18. Re1 Kd7 19. Ne4 Bg6 20. c4 e5 21.
Rd1 b6 22. c5 Ke6 23. cxd6 Bxe4 24. Rxe4 cxd6 25. Rh4 Rf5 26. Rc1 Raf8 27. f3
R8f7 28. Kf2 Kd5 29. Ke3 Rf4 30. Rxf4 exf4+ 31. Kd2 Rg7 32. g3 fxg3 33. hxg3
Rxg3 34. Ke3 Rg7 35. f4 Rg3+ 36. Kf2 Rb3 37. Rc7 Ke4 38. Rxa7 Kxf4 39. Rf7+ Ke4
40. Rd7 Rxb2+ 0-1

[Event "XXXII Memorial Edoardo Crespi A"]
[Site "Milano ITA"]
[Date "2011.12.07"]
[Round "5"]
[White "Agrifoglio, Fabio"]
[Black "Di Lascio, Savino"]
[Result "0-1"]
[WhiteElo "2019"]
[BlackElo "2015"]
[PlyCount "116"]
[EventDate "2011.12.03"]

1. d4 Nf6 2. c4 c5 3. d5 b5 4. cxb5 a6 5. b6 g6 6. Nc3 d6 7. a4 a5 8. e4 Qxb6
9. Bc4 Bg7 10. Qe2 Nbd7 11. f4 O-O 12. Nf3 Ba6 13. Nd2 Rfb8 14. O-O Ne8 15. Kh1
Nc7 16. Bxa6 Qxa6 17. Qxa6 Rxa6 18. Ra3 Rb4 19. Re1 Nb6 20. g3 Bxc3 21. bxc3
Rxa4 22. c4 Rxa3 23. Bxa3 Na4 24. Rb1 Rb6 25. Re1 Na6 26. e5 Kf8 27. Re3 Nb4
28. exd6 exd6 29. Rb3 Ke7 30. Bc1 Nc2 31. Rxb6 Nxb6 32. Bb2 Nb4 33. Kg2 Nc2 34.
Kf3 a4 35. Bc3 Na3 36. g4 Naxc4 37. Ne4 Nxd5 38. Ba1 f5 39. gxf5 gxf5 40. Ng3
Nd2+ 41. Ke2 Nb3 42. Nxf5+ Ke6 43. Ng7+ Kf7 44. Bb2 a3 45. Bxa3 Kxg7 46. Kf3
Nd2+ 47. Kg4 Ne3+ 48. Kh5 Ne4 49. Bb2+ Nf6+ 50. Kg5 h6+ 51. Kh4 Nf5+ 52. Kh3 h5
53. Kg2 d5 54. Kf3 d4 55. Ba3 c4 56. Ke2 d3+ 57. Ke1 Ne4 58. h4 c3 0-1

[Event "XXXII Memorial Edoardo Crespi A"]
[Site "Milano ITA"]
[Date "2011.12.07"]
[Round "5"]
[White "Astengo, Corrado"]
[Black "Bozzali, Ermanno"]
[Result "0-1"]
[WhiteElo "2095"]
[BlackElo "2133"]
[PlyCount "54"]
[EventDate "2011.12.03"]

1. e4 c5 2. Nf3 d6 3. d4 cxd4 4. Nxd4 Nf6 5. Nc3 a6 6. Bg5 e6 7. f4 Qc7 8. Qf3
b5 9. O-O-O b4 10. Nce2 Bb7 11. Ng3 Nbd7 12. Qb3 Nc5 13. Qxb4 Ncxe4 14. Nxe4
Bxe4 15. Bxf6 gxf6 16. Qa4+ Qd7 17. Qa5 Bh6 18. Bd3 Bxf4+ 19. Kb1 Bxd3 20. Rxd3
Be5 21. Rhd1 Qb7 22. Qa4+ Kf8 23. g3 Kg7 24. Rb3 Qg2 25. a3 Rac8 26. Qd7 Bxd4
27. Rxd4 Qg1+ 0-1

[Event "XXXII Memorial Edoardo Crespi A"]
[Site "Milano ITA"]
[Date "2011.12.07"]
[Round "5"]
[White "Basso, Pier Luigi"]
[Black "Rota, Giacomo"]
[Result "0-1"]
[WhiteElo "2070"]
[BlackElo "2008"]
[PlyCount "44"]
[EventDate "2011.12.03"]

1. e4 c6 2. d4 d5 3. Nc3 dxe4 4. Bc4 Nf6 5. f3 Bf5 6. g4 Bg6 7. g5 Nd5 8. Nxe4
e6 9. Ne2 Be7 10. Rg1 Nd7 11. a3 Qc7 12. Bd3 e5 13. c4 N5b6 14. f4 exd4 15.
Nxd4 Bxe4 16. Bxe4 O-O-O 17. Qc2 Rhe8 18. Be3 Bc5 19. O-O-O Nxc4 20. Qxc4 Rxe4
21. Rge1 Rde8 22. Bf2 22... Bxd4 {...} 0-1

[Event "XXXII Memorial Edoardo Crespi A"]
[Site "Milano ITA"]
[Date "2011.12.07"]
[Round "5"]
[White "Cacciola, Alfredo"]
[Black "Bonanno, Alessandro"]
[Result "1-0"]
[WhiteElo "2080"]
[BlackElo "2132"]
[PlyCount "81"]
[EventDate "2011.12.03"]

1. e4 c5 2. Nf3 Nc6 3. d4 cxd4 4. Nxd4 Nf6 5. Nc3 e6 6. Ndb5 Bc5 7. Bf4 O-O 8.
Be2 a6 9. Nd6 Qb6 10. O-O Qxb2 11. Na4 Qd4 12. c4 Nxe4 13. Nxc5 Nxc5 14. Be3
Qxd1 15. Rfxd1 b6 16. Rab1 f5 17. Rxb6 Na4 18. Rb3 f4 19. Bc1 a5 20. Bf3 Ba6
21. Ra3 Nb6 22. c5 Nd5 23. Bxd5 exd5 24. Rxd5 Rab8 25. Rb3 Nb4 26. Rd2 a4 27.
Ra3 Bb5 28. Nxb5 Rxb5 29. Rxa4 Rxc5 30. Ba3 Rb8 31. h3 Rcb5 32. Rxd7 Nxa2 33.
Rxf4 Nc3 34. Kh2 h6 35. Rff7 Rg5 36. Bd6 Re8 37. f4 Rg6 38. Be5 Ne2 39. Rxg7+
Rxg7 40. Rxg7+ Kf8 41. Rg6 1-0

[Event "XXXII Memorial Edoardo Crespi A"]
[Site "Milano ITA"]
[Date "2011.12.07"]
[Round "5"]
[White "Cani, Gazmir"]
[Black "Cazzaniga, Walter"]
[Result "1-0"]
[WhiteElo "2174"]
[BlackElo "2118"]
[PlyCount "75"]
[EventDate "2011.12.03"]

1. d4 d5 2. c4 e6 3. Nf3 Nf6 4. g3 c6 5. Qc2 Be7 6. Bg2 O-O 7. O-O Nbd7 8. Nbd2
Re8 9. Rd1 Bd6 10. b3 Qe7 11. Bb2 e5 12. e4 Nxe4 13. Nxe4 dxe4 14. Qxe4 Nf6 15.
Qh4 e4 16. Re1 Bb4 17. Re3 Qf8 18. Ne5 Bd2 19. g4 Bxe3 20. fxe3 h6 21. Rf1 Rxe5
22. dxe5 Nxg4 23. Qg3 h5 24. h3 Nh6 25. Bxe4 Be6 26. Qh4 Qd8 27. Qg3 h4 28. Qg2
Qe7 29. Kh1 Kh8 30. Bc2 Rd8 31. Bc3 b6 32. Be1 c5 33. Qe4 g6 34. Bxh4 Qd7 35.
Bf6+ Kh7 36. Qh4 Bxh3 37. Rf4 Qd2 38. Qxh3 1-0

[Event "XXXII Memorial Edoardo Crespi A"]
[Site "Milano ITA"]
[Date "2011.12.07"]
[Round "5"]
[White "Castrogiovanni, Carlo"]
[Black "Battistella, Stefano"]
[Result "0-1"]
[WhiteElo "2027"]
[BlackElo "2081"]
[PlyCount "68"]
[EventDate "2011.12.03"]

1. d4 d5 2. c4 c6 3. Nc3 Nf6 4. Bg5 dxc4 5. e3 b5 6. Nf3 Bb7 7. a4 a6 8. Be2
Nbd7 9. e4 b4 10. Na2 Nxe4 11. Nxb4 Nxg5 12. Nxg5 e6 13. Qd2 Be7 14. Nf3 a5 15.
Nc2 Nb6 16. O-O O-O 17. Rfd1 Qc7 18. Ne3 c5 19. Nxc4 Nxc4 20. Bxc4 Bxf3 21.
gxf3 cxd4 22. Qxd4 Bf6 23. Qe4 Bxb2 24. Rab1 Be5 25. Rb7 Bxh2+ 26. Kg2 Qe5 27.
Re7 Rab8 28. Ra7 Qh5 29. Qg4 Qh6 30. Bxe6 Be5 31. f4 Bxf4 32. Bxf7+ Kh8 33. Qh3
Qg5+ 34. Kf3 Bd6 0-1

[Event "XXXII Memorial Edoardo Crespi A"]
[Site "Milano ITA"]
[Date "2011.12.07"]
[Round "5"]
[White "David, Alberto"]
[Black "Salvador, Roland"]
[WhiteElo "2597"]
[BlackElo "2500"]
[Result "1-0"]
[PlyCount "151"]
[EventDate "2011.12.03"]

1. d4 Nf6 2. c4 g6 3. Nc3 d5 4. cxd5 Nxd5 5. Bd2 Nb6 6. Bg5 Bg7 7. e3 O-O 8.
Qc2 Nc6 9. Nf3 Nb4 10. Qb3 a5 11. a3 Be6 12. Qd1 Nc6 13. Bb5 h6 14. Bh4 Bc4 15.
Bxc4 Nxc4 16. O-O Qd7 17. Rc1 Nd6 18. Bg3 Na7 19. Qb3 e6 20. Rfd1 Qe7 21. Na4
b5 22. Nc5 a4 23. Qc2 Nac8 24. Ne4 Nc4 25. Nfd2 N8b6 26. Nxc4 bxc4 27. Nd2 Rfb8
28. Qe4 Ra7 29. Qc6 e5 30. Qc5 Qxc5 31. dxc5 Nd7 32. Nxc4 Nxc5 33. Nxe5 Nb3 34.
Rc2 Re8 35. Nc6 Rb7 36. h4 Bf6 37. Rc4 Bxb2 38. Rxa4 Nc5 39. Ra5 Nb3 40. Ra4
Nc5 41. Rc4 Ne6 42. Rb1 Rb6 43. a4 Ba3 44. Rb5 Ra8 45. Nd4 Nxd4 46. exd4 Rxb5
47. axb5 Ra5 48. Rxc7 Rxb5 49. Ra7 Bf8 50. Ra8 Rd5 51. Be5 f5 52. Ra6 Kh7 53.
Ra7+ Kg8 54. Ra6 Kh7 55. Rf6 Rd8 56. Rf7+ Kg8 57. Rf6 Kh7 58. h5 gxh5 59. Rxf5
Kg6 60. Rf6+ Kg5 61. Kh2 h4 62. Kh3 Ra8 63. Rf4 Ra3+ 64. f3 Bb4 65. Rg4+ Kf5
66. Rf4+ Kg5 67. Rxh4 Bd2 68. Re4 Kf5 69. Re2 Be3 70. g4+ Kg6 71. Rc2 h5 72.
Kg3 hxg4 73. Kxg4 Ra4 74. Rc6+ Kf7 75. Rd6 Ke7 76. f4 1-0

[Event "XXXII Memorial Edoardo Crespi A"]
[Site "Milano ITA"]
[Date "2011.12.07"]
[Round "5"]
[White "Doric, Darko"]
[Black "Solodovnichenko, Yuri"]
[WhiteElo "2504"]
[BlackElo "2629"]
[Result "1/2-1/2"]
[PlyCount "137"]
[EventDate "2011.12.03"]

1. d4 d6 2. Nf3 g6 3. c4 Bg7 4. Nc3 Bg4 5. e3 c5 6. Be2 cxd4 7. exd4 Nc6 8. O-O
Nh6 9. h3 Bxf3 10. Bxf3 Nf5 11. d5 Ne5 12. Be2 Rc8 13. b3 Nxc4 14. bxc4 Bxc3
15. Rb1 Qd7 16. Bd3 b6 17. g4 Ng7 18. Qb3 Bd4 19. c5 Rxc5 20. Bb5 Rxb5 21. Qxb5
Qxb5 22. Rxb5 Kd7 23. Rb4 Bc5 24. Rf4 f6 25. Re1 Rf8 26. a4 Ne8 27. Kg2 Nc7 28.
Rd1 g5 29. Rf5 h6 30. h4 b5 31. hxg5 hxg5 32. axb5 Nxb5 33. Rf3 Nd4 34. Rfd3
Nc2 35. Rc3 Nb4 36. Be3 Rc8 37. Kf3 a5 38. Ke4 Na6 39. Rb1 Rc7 40. Rb5 Bxe3 41.
Rxe3 Ra7 42. Ra3 a4 43. Rb6 Nc5+ 44. Kf5 Ra8 45. Rb5 Kc7 46. Kg6 Ra7 47. Kf7 e6
48. Rxc5+ dxc5 49. dxe6 c4 50. Kxf6 Ra6 51. Kf7 Kd6 52. e7 Ra7 53. Rxa4 Rxe7+
54. Kf6 Rc7 55. Kxg5 c3 56. Ra1 Rc5+ 57. Kf6 c2 58. Rc1 Rc4 59. f3 Kd7 60. g5
Ke8 61. Kg7 Rc7+ 62. Kg8 Ke7 63. Kg7 Ke6+ 64. Kg6 Ke5 65. Kh5 Kf4 66. g6 Kxf3
67. Kh6 Ke3 68. g7 Rxg7 69. Rxc2 1/2-1/2

[Event "XXXII Memorial Edoardo Crespi A"]
[Site "Milano ITA"]
[Date "2011.12.07"]
[Round "5"]
[White "Drazic, Sinisa"]
[Black "Sedlak, Nikola"]
[WhiteElo "2537"]
[BlackElo "2592"]
[Result "1/2-1/2"]
[PlyCount "24"]
[EventDate "2011.12.03"]

1. c4 Nf6 2. d4 e6 3. Nf3 b6 4. g3 Ba6 5. b3 Bb4+ 6. Bd2 Be7 7. Nc3 d5 8. cxd5
exd5 9. Bg2 O-O 10. O-O Ne4 11. Rc1 Nxc3 12. Bxc3 Nd7 1/2-1/2

[Event "XXXII Memorial Edoardo Crespi A"]
[Site "Milano ITA"]
[Date "2011.12.07"]
[Round "5"]
[White "Formento, Paolo"]
[Black "Barberi, Alessandro"]
[Result "1-0"]
[WhiteElo "2133"]
[BlackElo "2050"]
[PlyCount "69"]
[EventDate "2011.12.03"]

1. e4 c5 2. Nf3 d6 3. Bb5+ Nd7 4. c3 Ngf6 5. d3 a6 6. Ba4 e6 7. O-O Be7 8. h3
b5 9. Bc2 Bb7 10. Be3 c4 11. dxc4 Nxe4 12. cxb5 axb5 13. Nd4 Qa5 14. b4 Qc7 15.
Nxb5 Qc6 16. Nd4 Nxc3 17. Nxc6 Nxd1 18. Rxd1 Bxc6 19. Nc3 Ra3 20. Bb3 Bf6 21.
Rac1 Ke7 22. Nb1 Rxb3 23. axb3 Bd5 24. Bd4 Rb8 25. Bxf6+ Nxf6 26. Rc7+ Nd7 27.
Nc3 Bxb3 28. Ra1 e5 29. Raa7 Be6 30. b5 Ke8 31. Ne4 d5 32. Ng5 Rd8 33. Nxe6
fxe6 34. Rxd7 Rxd7 35. b6 1-0

[Event "XXXII Memorial Edoardo Crespi A"]
[Site "Milano ITA"]
[Date "2011.12.07"]
[Round "5"]
[White "Gonella, Daniele"]
[Black "Moroni, Luca jr"]
[Result "1-0"]
[WhiteElo "2103"]
[BlackElo "2030"]
[PlyCount "109"]
[EventDate "2011.12.03"]

1. e4 c5 2. Nf3 d6 3. d4 cxd4 4. Qxd4 Nc6 5. Bb5 Bd7 6. Bxc6 Bxc6 7. c4 Nf6 8.
Nc3 e6 9. O-O Be7 10. b3 O-O 11. Bb2 a6 12. Kh1 Qd7 13. Nd2 e5 14. Qd3 Nh5 15.
Nd5 Bxd5 16. cxd5 f5 17. f3 f4 18. Nc4 Bd8 19. Ba3 Rf6 20. Rfc1 Bc7 21. Qc3 Rc8
22. h3 Rff8 23. Qb4 Ng3+ 24. Kh2 Ne2 25. Rd1 Nd4 26. Rxd4 exd4 27. Nxd6 Bxd6
28. Qxd6 Qxd6 29. Bxd6 d3 30. Rd1 Rc3 31. Bb4 Rc2 32. Rxd3 Rxa2 33. Bxf8 Kxf8
34. Rc3 b5 35. h4 a5 36. Kh3 h5 37. g4 g6 38. Rc6 Rf2 39. Rf6+ Ke7 40. Rxf4 Rb2
41. gxh5 gxh5 42. e5 Rxb3 43. e6 Kd6 44. Kg3 Re3 45. Kf2 Re5 46. Rd4 a4 47. f4
Rf5 48. Ke3 a3 49. Ke4 a2 50. Rd1 b4 51. Kxf5 b3 52. Kf6 b2 53. e7 a1=Q 54.
e8=Q Qxd1 55. Qe7+ 1-0

[Event "XXXII Memorial Edoardo Crespi A"]
[Site "Milano ITA"]
[Date "2011.12.07"]
[Round "5"]
[White "Iudicello, Giovanni"]
[Black "Attuati, Stefano"]
[Result "1-0"]
[WhiteElo "2188"]
[BlackElo "2006"]
[PlyCount "77"]
[EventDate "2011.12.03"]

1. Nf3 f5 2. d3 Nf6 3. g3 g6 4. Bg2 Bg7 5. O-O d6 6. Nc3 c6 7. e4 O-O 8. Bd2
Nbd7 9. exf5 gxf5 10. Qc1 Ng4 11. h3 Nge5 12. Bh6 Qe8 13. Bxg7 Kxg7 14. Qg5+
Kh8 15. Nxe5 Nxe5 16. Ne2 Rg8 17. Qe3 Ng6 18. d4 e5 19. dxe5 dxe5 20. Rae1 Qf7
21. f4 e4 22. Rd1 Be6 23. b3 h5 24. Rd6 Ne7 25. c4 Nc8 26. Qd4+ Kh7 27. Rd8 c5
28. Qd1 Ne7 29. Rxa8 Rxa8 30. Qd6 Rc8 31. g4 hxg4 32. hxg4 Rg8 33. g5 b6 34.
Kf2 Rc8 35. Rh1+ Kg8 36. Rh6 Ng6 37. Ng3 e3+ 38. Kxe3 Re8 39. Kf2 1-0

[Event "XXXII Memorial Edoardo Crespi A"]
[Site "Milano ITA"]
[Date "2011.12.07"]
[Round "5"]
[White "Lazic, Miroljub"]
[Black "Malaniuk, Vladimir P."]
[WhiteElo "2459"]
[BlackElo "2504"]
[Result "1/2-1/2"]
[PlyCount "59"]
[EventDate "2011.12.03"]

1. e4 e5 2. Nf3 Nc6 3. Bc4 Bc5 4. c3 Nf6 5. d3 O-O 6. Bb3 d5 7. Qe2 a5 8. Bg5
dxe4 9. dxe4 a4 10. Bc4 h6 11. Bh4 Qd6 12. Nbd2 Nh5 13. Bg3 Nxg3 14. hxg3 Ne7
15. Nh4 c6 16. a3 b5 17. Ba2 Qf6 18. Nf1 Be6 19. Bxe6 Qxe6 20. Ne3 Bxe3 21.
Qxe3 Rad8 22. O-O Nc8 23. Nf5 Nd6 24. Nxd6 Rxd6 25. Rad1 Rfd8 26. Rxd6 Rxd6 27.
f3 Qc4 28. Rf2 Rd1+ 29. Kh2 Qe6 30. Rd2 1/2-1/2

[Event "XXXII Memorial Edoardo Crespi A"]
[Site "Milano ITA"]
[Date "2011.12.07"]
[Round "5"]
[White "Martinez, Rolly"]
[Black "Kosic, Dragan"]
[WhiteElo "2420"]
[BlackElo "2502"]
[Result "1/2-1/2"]
[PlyCount "79"]
[EventDate "2011.12.03"]

1. e4 e6 2. d4 d5 3. Nd2 c5 4. Ngf3 cxd4 5. Nxd4 Nc6 6. Bb5 Bd7 7. Nxc6 Bxc6 8.
Bxc6+ bxc6 9. c4 Qa5 10. O-O Nf6 11. exd5 cxd5 12. cxd5 Nxd5 13. Qg4 Rc8 14.
Nc4 Qc7 15. b3 h5 16. Qf3 Be7 17. Re1 Nf6 18. h3 O-O 19. Bb2 Rfd8 20. Rac1 Qc6
21. Qg3 Qd5 22. Re5 Qd3 23. Re3 Qh7 24. Qf3 Rd5 25. Re5 Rxe5 26. Bxe5 Nd5 27.
Rd1 Bc5 28. Bd6 Bxd6 29. Nxd6 Rc7 30. Nc4 Qg6 31. Kh2 Qg5 32. Rd4 g6 33. g3 Kg7
34. Kg2 Qf6 35. Qxf6+ Kxf6 36. Kf3 Rc5 37. Ne3 a5 38. Rc4 Rb5 39. Nxd5+ Rxd5
40. Ke4 1/2-1/2

[Event "XXXII Memorial Edoardo Crespi A"]
[Site "Milano ITA"]
[Date "2011.12.07"]
[Round "5"]
[White "Massironi, Marco"]
[Black "Nicolo', Filippo"]
[Result "1-0"]
[WhiteElo "2171"]
[BlackElo "2024"]
[PlyCount "57"]
[EventDate "2011.12.03"]

1. e4 e5 2. d4 exd4 3. Qxd4 Nc6 4. Qe3 Nf6 5. Nc3 Nb4 6. Bd3 d6 7. Bd2 Be7 8.
h3 O-O 9. O-O-O Nxd3+ 10. Qxd3 c6 11. Bf4 d5 12. e5 Ne8 13. Nf3 b5 14. Nd4 Bd7
15. Qg3 b4 16. Ne4 dxe4 17. Nxc6 Bxc6 18. Rxd8 Rxd8 19. h4 Nc7 20. h5 Ne6 21.
Bh6 Kh8 22. Be3 Rd7 23. f4 exf3 24. gxf3 Nd4 25. Bxd4 Rxd4 26. Rg1 Rg8 27. h6
g6 28. e6 f6 29. Qc7 1-0